000
00298nam a2200121 a 4500
005
20140414131857.0
008
100914s19uu xx 00 eng d
050
_a
FIL
_b
Xi4 2007
100
_a
Rivera, Augie
245
_a
Xilef.
260
_a
Manila, Philippines :
_b
Adarna,
_c
2007.
999
_c
110523
_d
110523